Pays, Capitales, Drapeaux - Spécial Afrique - Statistiques

Statistiques générales
  • Ce quiz a été pris 166 fois
    68 depuis la dernière actualisation
  • Le résultat moyen est 42 sur 54
Statistiques - réponses
Par images Réponse % Correct
Maroc / Rabat
93%
Afrique du Sud / Le Cap ; Pretoria ; Bloemfontein
91%
Algérie / Alger
91%
Égypte / Le Caire
91%
Tunisie / Tunis
91%
Éthiopie / Addis Abeba
86%
Sénégal / Dakar
86%
Soudan / Khartoum
86%
Côte d'Ivoire / Yamoussoukro
84%
Kenya / Nairobi
84%
République Démocratique du Congo / Kinshasa
84%
République du Congo / Brazzaville
84%
Libye / Tripoli
82%
Mali / Bamako
82%
Mozambique / Maputo
82%
Seychelles / Victoria
82%
Bénin / Porto-Novo
80%
Djibouti / Djibouti
80%
Sierra Leone / Freetown
80%
Tanzanie / Dodoma
80%
Angola / Luanda
77%
Guinée / Conakry
77%
Liberia / Monrovia
77%
Madagascar / Antananarivo
77%
Mauritanie / Nouakchott
77%
Nigeria / Abuja
77%
République Centrafricaine / Bangui
77%
São Tomé-et-Principe / São Tomé
77%
Tchad / N'Djaména
77%
Burkina Faso / Ouagadougou
75%
Cameroun / Yaoundé
75%
Cap-Vert / Praia
75%
Gabon / Libreville
75%
Ghana / Accra
75%
Île Maurice / Port-Louis
75%
Niger / Niamey
75%
Ouganda / Kampala
75%
Gambie / Banjul
73%
Guinée Équatoriale / Ciudad de la Paz
73%
Rwanda / Kigali
73%
Burundi / Gitega
70%
Érythrée / Asmara
70%
Eswatini / Mbabane
70%
Guinée-Bissau / Bissau
70%
Malawi / Lilongwe
70%
Namibie / Windhoek
70%
Somalie / Mogadiscio
70%
Soudan du Sud / Djouba
70%
Togo / Lomé
70%
Zambie / Lusaka
70%
Zimbabwe / Harare
70%
Botswana / Gaborone
68%
Comores / Moroni
68%
Lesotho / Maseru
66%
Aucun quiz correspondant
Distribution des résultats
% des personnes avec chaque résultat
Percentile par nombre de réponses
Votre historique - résultats
Vous n’avez pas pris ce quiz depuis la dernière actualisation